000 00489cam a2200181 a 4500
020 _a0697282732
040 _cDLC
082 0 0 _a551 WM.C 1997 A025 Or.
100 1 _aDuxbury, Alyn C.,
245 1 3 _aAn introduction to the world's oceans /
246 3 0 _aWorld's oceans
250 _a5th ed.
260 _aDubuque, IA :
_bWm. C. Brown Publishers,
_cc1997.
300 _axv, 504 p. :
_bill. (some col.) ;
_c29 cm.
650 0 _aOceanography.
700 1 _aDuxbury, Alison.
942 _cEK
999 _c13467
_d13467